00445cam a22001574a 4500020001600000020001600016040000800032082002600040245004000066260004700106300004100153650002100194700003000215700002300245700001900268 a155963880X  a1559638818  cDLC00a363 ISL 2002 C158 Or.00aClimate change policy :ba survey / aWashington [D.C.] :bIsland Press,cc2002. axvii, 563 p. :bill., maps ;c24 cm. 0aClimatic changes1 aSchneider, Stephen Henry.1 aRosencranz, Armin.1 aNiles, John O.